Die Rußlanddeutschen : (Titelsatznr. 30038)
[ MARC ]
| 000 -Satzkennung | |
|---|---|
| Kontrollfeld mit fester Länge | 00461nam a22001811c 4500 |
| 001 - Kontrollnummer | |
| Kontrollfeld | a987693006 |
| 008 - Feld mit fester Länge zur physischen Beschreibung - Allgemeine Angaben | |
| Kontrollfeld mit fester Länge | 200204s1966 gw |||| 000u ger d |
| 041 ## - Sprachcode | |
| Sprachcode des Textes/der Tonspur oder des separaten Titels | ger |
| 040 ## - Katalogisierungsquelle | |
| Übertragungsstelle | RU-10907106 |
| 003 - Kontrollnummer Identifier | |
| Kontrollfeld | RU-10907106 |
| 100 1# - Haupteintragung - Personenname | |
| Personenname | Stumpp, Karl |
| 245 04 - Titel | |
| Titel | Die Rußlanddeutschen : |
| Zusatz zum Titel | Zweihundert Jahre unterwegs |
| 250 ## - Ausgabebezeichnung | |
| Ausgabebezeichnung | 3. Auflage |
| 264 ## - Produktion, Veröffentlichung, Distribution, Herstellung und Urheberrechtsvermerk | |
| Herstellungs-, Veröffentlichungs- Vertriebs-, Erzeugungsort | Freilassing : |
| Produzent, Herausgeber, Distributor, Hersteller | Pannonia-Verlag, |
| Datum der Herstellung, der Veröffentlichung, des Vertriebs oder des Urheberschutzvermerks | 1966 |
| 300 ## - Physische Beschreibung | |
| Umfang | 140 Seiten |
| 650 #0 - Nebeneintragung unter einem Schlagwort - Sachschlagwort | |
| Sachschlagwort oder geografischer Name als Eintragungselement | Russlanddeutsche |
| 942 ## - Zusätzliche Felder (Koha) | |
| Koha-Medientyp | Monographien |
| Ausgeschieden | Verloren | Klassifikation oder Aufstellungssystematik | Beschädigt | Nicht entleihbar | Heimatbibliothek | Aufenthaltsbibliothek | Aufstellungsort | Erwerbungsdatum | Inventarnummer | Signatur | Barcode | Letzte Aktivität | Preis gültig von | Koha-Medientyp |
|---|---|---|---|---|---|---|---|---|---|---|---|---|---|---|
| Andere/Generische Klassifikation | MWN Osteuropa | MWN Osteuropa | Magazin - 2 | 04/02/2020 | 20-00029 | X- R 10 o Deut 13 | R 10 o Deut 13 | E00401509F9842EA | 23/02/2021 | 22/03/2021 | Monographien |